000 00502nam a2200181Ia 4500
005 20250508162321.0
008 008 250505s9999 xx 000 0 eng d
037 _aTextual
040 _aFEDL
_beng
_cFEDL
041 _aeng
_2eng
084 _a294.54, LAM
_qFEDL
100 _aLamba Bhag Sing
_9772835
245 0 _aGod realisation
260 _aNew Delhi, India
_bSterling Publishers Pvt. Ltd.
_c1981
300 _a112p.
942 _cTEXL
_h294.54, LAM
999 _c1375799
_d1375799